Ulice w Tychach na literę "A" - Statystyki

Ogólne statystyki
  • Ten quiz został rozwiązany 8 razy
  • Średni wynik to 3 z 9
Statystyki odpowiedzi
Ulica % Poprawnych
2. Akacjowa
71%
7. Armii Krajowej
57%
6. Arkadowa
43%
1. Agrestowa
29%
3. Albatrosów
29%
9. Astrów
29%
4. Andersa Władysława
14%
5. Arctowskiego Henryka
14%
8. Asnyka Adama
14%
Nie znaleziono quizów pasujących do podanych kryteriów
Rozkład punktacji
Procent ludzi z każdym wynikiem
Percentyl według liczby udzielonych odpowiedzi
Twoja historia wyników
Nie rozwiązałeś tego quizu